Ends in "-ent" - Statistics

General Stats
  • This quiz has been taken 45 times
  • The average score is 19 of 30
Answer Stats
Hint Answer % Correct
The leader of a country or organization President
97%
Money paid to a landlord, monthly or weekly Rent
97%
A canvas structure, popular with campers and circuses Tent
97%
County southeast of London, or Superman's secret identity Kent
93%
The 40-day fasting season preceding Easter Lent
93%
Parts of the Bible. Some are Old, some are New Testament
93%
The climb to the top of a mountain Ascent
90%
After enjoying the view, the climb back down a mountain Descent
90%
One responsible for a teenager, legally and literally Parent
86%
One under the care of a doctor or hospital Patient
83%
The legislature of the UK, a brand of US cigarettes, or a gathering of owls Parliament
79%
A gift, or to give a gift or award Present
79%
An opening to release hot or cold air Vent
79%
Legal recognition granted to inventors to protect their intellectual property Patent
76%
Up to date, or water moving in a river, or electricity running through a wire Current
66%
One who has outgrown childhood but has not yet reached adulthood Adolescent
62%
A verbal dispute. Some are logical while some are heated Argument
62%
To give one's approval, or, the approval given Consent or Assent
62%
To express regret for one's sins or transgressions Repent
52%
Damage to a car's fender, or the protagonist in "Hitchhiker's Guide to the Galaxy" Dent
48%
Slang for a lady's male counterpart Gent
41%
Part of a larger whole, like a computer or stereo system Component
34%
Lacking morality, or perhaps just really tasty, like chocolate cake Decadent
34%
A one-hundreth part Percent
34%
An apartment building, sometimes a bit run down or seedy Tenament
28%
A "tree herder" from Tolkien's "Lord of the Rings" Ent
24%
A participant in a verbal dispute or in a boxing match Opponent
24%
Very fancy or luxurious Opulent
24%
Lacking propriety, possibly obscene Indecent
21%
Often or regularly Frequent
17%
No matching quizzes found
Score Distribution
Percent of People with Each Score
Percentile by Number Answered
Your Score History
You have not taken this quiz